000 00483nam a2200181 a 4500
001 000021303
005 20200930011306.0
008 100903s1994 mx r 000 p spa d
020 _a9681905296
040 _aDO-SdBNP
_bspa
082 _axxx
_bB462p
100 1 _aBenedetti, Mario
_d1920-
_944516
245 1 0 _aPoemas de otros :
_b1973-1974 /
_cMario Benedetti.
246 1 0 _aPoemas de otros.
260 _aMéxico D. F. :
_bAlfaguara,
_c1994.
300 _a130 p.
049 _aBNGR
999 _c20803
_d20803